000 00641nam a2200181Ia 4500
008 100917s9999 xx 000 0 und d
082 _b58328
100 _aदळवी जयवंत
245 _aकशासाठी पोटासाठी (आवृत्ती 2 री)
260 _bमॅजेस्टिक बुक
_c1983
300 _a164
365 _b25
520 _aकथा
630 _aकशासाठी पोटासाठी (आवृत्ती 2 री)
650 _aकथा
730 _aकशासाठी पोटासाठी (आवृत्ती 2 री)
942 _cBOOK
999 _c663722
_d663719